Responses for Show #2742 - Tuesday, July 2, 1996

Contestants

[<< previous game]

Marilyn Newcomer, a small business entrepreneur from Latrobe, Pennsylvania

Mike Kravitz, a teacher and cantor from Gaithersburg, Maryland

Paul Carlson, a transit policy analyst from Washington, D.C. (whose 2-day cash winnings total $34,804)

[next game >>]

Jeopardy! Round responses

16th CENTURY NAMES
POTPOURRI
STARS ON CD-ROM
ANIMALS
TRAVEL & TOURISM
PLANET NAMES
    $100 17
Hapsburg

Paul
    $100 21
Boston

Paul
    $100 24
Frasier

Paul
    $100 18
elephant

Mike
    $100 6
Egypt

Paul
    $100 1
Saturn

Paul
    $200 16
Mary, Queen of Scots

Paul
    $200 19
gastric juice

Triple Stumper
    $200 27
Bob Dylan

Paul
    $200 22
gorilla

Mike
    $200 7
helmet

Mike
    $200 2
Mars

Paul
    $300 9
William Shakespeare

Mike
    $300 13
Al Capp

Paul
    $300 28
Mark Hamill

Mike
    $300 25
bat

Paul
    $300 8
Bangkok

Mike
    $300 3
Venus fly trap

Paul
    $400 10
Montezuma

Mike
    $400 12
cinnamon

Triple Stumper
    $400 29
(Mike: Who is Carol Channing?)

Marilyn Monroe

MikeMarilyn
    $400 26
iguana

Paul
    $400 14
snorkeling

Mike
    $400 4
(Mike: Who is Freddie Prinze?)

Freddie Mercury

PaulMike
    $500 11
the "Mona Lisa"

Mike
    $500 20
leitmotif

Mike
    $500 30
William Shatner

Marilyn
    $500 23
toad

Triple Stumper
    $500 15
J. Paul Getty Museum

Mike
    $800 5
(Paul: What is... transit...)

Earth Day

Paul

Scores at the first commercial break (after clue 13):

Paul Mike Marilyn
$600 $1,300 $0

Scores at the end of the Jeopardy! Round:

Paul Mike Marilyn
$2,000 $2,900 $900

Double Jeopardy! Round responses

FAMOUS LAWYERS
U.S. LAKES
AMERICAN HISTORY
SCIENCE
PASTRY
LITERATURE
    $200 17
Francis Scott Key

Marilyn
    $200 11
the Great Salt Lake

Mike
    $200 1
the Louisiana Purchase

Marilyn
    $200 21
yeast

Mike
    $200 6
Frankenstein

Mike
    $400 15
Hillary Rodham Clinton

Paul
    $400 13
Lake George

Mike
    $400 2
Hawaii

Paul
    $400 28
[The end-of-round signal sounds.]

Parker House

Mike
    $400 10
The Brothers Karamazov

Marilyn
    $600 12
Jack Ruby

Paul
    $600 18
Lake Pontchartrain

Marilyn
    $600 3
St. Lawrence Seaway

Paul
    $600 27
birds

Paul
    $600 26
Greece

Mike
    $600 9
I Heard the Owl Call My Name

Triple Stumper
    $800 14
Nehru

Marilyn
    $800 19
Minnesota

Paul
    $1,600 4
Adlai Stevenson

Paul
    $800 22
(Alex: And we have a minute to go.)

Alessandro Volta

Mike
    $800 24
eclair

Paul
    $800 8
Oscar Wilde

Mike
    $1,200 16
Alexis de Tocqueville

Paul
    $1000 20
Alaska

Paul
    $1000 5
Haymarket Riot

Paul
    $1000 23
(Mike: What is g-force?)

escape velocity

PaulMike
    $1000 25
Tatin

Triple Stumper
    $1000 7
Elizabeth Barrett Browning

Mike

Scores at the end of the Double Jeopardy! Round:

Paul Mike Marilyn
$12,000 $6,500 $3,100

[wagering suggestions for these scores]

Final Jeopardy! Round responses

DESIGNERS
MarilynWho is Samson?
$2,500
MikeWho is Samson?
$4,500
PaulWho is L. Vuitton?
$1,002
Louis Vuitton

Final scores:

Paul Mike Marilyn
$13,002 $2,000 $600
3-day champion: $47,806 2nd place: Dynamark Security Centers home security system 3rd place: Sanyo cordless phone & CD changer/double cassette recorder

Game dynamics:

Coryat scores:

Paul Mike Marilyn
$11,800 $6,500 $3,100
25 R
(including 2 DDs),
1 W
(including 1 DD)
20 R,
3 W
7 R,
0 W

Combined Coryat: $21,400

[game clues] [game scores] [suggest correction]

Game tape date: 1996-02-14
The J! Archive is created by fans, for fans. Scraping, republication, monetization, and malicious use prohibited; this site may use cookies and collect identifying information. See terms. The Jeopardy! game show and all elements thereof, including but not limited to copyright and trademark thereto, are the property of Jeopardy Productions, Inc. and are protected under law. This website is not affiliated with, sponsored by, or operated by Jeopardy Productions, Inc. Join the discussion at JBoard.tv.